Novelistas y narradores / (Registro nro. 15886)
[ vista simple ]
| 000 -CABECERA | |
|---|---|
| campo de control de longitud fija | 00752cam a22001811 4500 |
| 001 - NÚMERO DE CONTROL | |
| campo de control | 000016351 |
| 005 - FECHA Y HORA DE LA ÚLTIMA TRANSACCIÓN | |
| campo de control | 20200929164402.0 |
| 008 - DATOS DE LONGITUD FIJA--INFORMACIÓN GENERAL | |
| campo de control de longitud fija | 780228s1960 mx 000 0 spa |
| 040 ## - FUENTE DE LA CATALOGACIÓN | |
| Centro catalogador/agencia de origen | DO-SdBNP |
| Lengua de catalogación | spa |
| Centro/agencia transcriptor | BNPHU |
| 245 00 - MENCIÓN DE TÍTULO | |
| Título | Novelistas y narradores / |
| Mención de responsabilidad, etc. | estudio de Rodrigo Pachano L. |
| 260 ## - PUBLICACIÓN, DISTRIBUCIÓN, ETC. | |
| Lugar de publicación, distribución, etc. | Puebla, México, : |
| Nombre del editor, distribuidor, etc. | J. M. Cajica, |
| Fecha de publicación, distribución, etc. | 1960. |
| 300 ## - DESCRIPCIÓN FÍSICA | |
| Extensión | xv, 827 p. ; |
| Dimensiones | 22 cm. |
| 490 0# - MENCIÓN DE SERIE | |
| Mención de serie | Biblioteca ecuatoriana mínima. La colonia y la república |
| 500 ## - NOTA GENERAL | |
| Nota general | A cabeza de tít.: Publicación auspiciada por la Secretaría General de la Undécima Conferencia Interamericana, Quito, Ecuador, 1960 |
| 650 24 - PUNTO DE ACCESO ADICIONAL DE MATERIA--TÉRMINO DE MATERIA | |
| Término de materia o nombre geográfico como elemento de entrada | Literatura ecuatoriana |
| Subdivisión general | Bio-bibliografía |
| 9 (RLIN) | 36470 |
| 650 24 - PUNTO DE ACCESO ADICIONAL DE MATERIA--TÉRMINO DE MATERIA | |
| Término de materia o nombre geográfico como elemento de entrada | Narrativa ecuatoriana |
| 9 (RLIN) | 36471 |
| 700 1# - PUNTO DE ACCESO ADICIONAL--NOMBRE DE PERSONA | |
| Nombre de persona | Pachano Lalama, Rodrigo, |
| Término indicativo de función/relación | ed. |
| 9 (RLIN) | 36472 |
| Estado de retiro | Estado de pérdida | Restricciones de uso | No para préstamo | Código de colección | Localización permanente | Ubicación/localización actual | Ubicación en estantería | Fecha de adquisición | Número de inventario | Total de préstamos | Signatura topográfica completa | Código de barras | Fecha visto por última vez | Precio válido a partir de | Tipo de ítem Koha |
|---|---|---|---|---|---|---|---|---|---|---|---|---|---|---|---|
| Excluido de préstamo | Monografías: Libros y Folletos | General | General | Depósito | 03.03.2010 | LF1 | 16351-10 | 25.06.2020 | 25.06.2020 | No se presta |
